000 01017nam a22002057a 4500
005 20120608114151.0
020 _c150.00
_a
035 _aB-73774
037 _b PUB
082 _a613.4244
100 _aवासंती रामचंद्रन
_948697
245 _aमहिला चिकित्सा की दृष्टि में /
_cवासंती रामचंद्रन
260 _aनई दिल्ली
_bसत्वाधिकार
_c2002
300 _a280पृ
_c22सेमी (अजिल्द)
_b
500 _a
700 _a
_917926
942 _2ddc
_cHN
_h613.4244
_mवासंती
999 _c67691
_d67691